| 000 | 00659 a2200217 4500 | ||
|---|---|---|---|
| 001 | 19277 | ||
| 999 |
_c19277 _d10729 |
||
| 003 | TR-AnTOB | ||
| 005 | 20210413135700.0 | ||
| 008 | 110118s2000 tu 000 0 | ||
| 020 | _a975730655x | ||
| 041 | _atur | ||
| 050 |
_aHQ1190 _b.B35 2000 |
||
| 090 | _aREF HQ1190 .B35 2000 | ||
| 100 |
_aBal, Baha _911654 |
||
| 245 | 0 |
_aKadın yazıları: kadınların edebiyat ürünleri, kadınlar üzerine yazılanlar ve tezler bibliyografyası 1955-1990 / _cBaha Bal. |
|
| 264 | 1 |
_aİstanbul : _bTarih Vakfı Yurt Yayınları, _c2000 |
|
| 300 |
_a382 s. ; _c24 cm. |
||
| 650 | 7 |
_aKadınlar _vBibliyografya _2etuturkob _911655 |
|
| 902 | _a0005991 | ||
| 942 | _cREF | ||